00327cam a22001097a 4500008004000000082001500040100001900055245008400074260003200158300001500190650001200205180718b1948 xxu||||| |||| 00| 0 eng d aB1241 Am16 aAmbedkar, B.R. aUntouchables: who were they and why they became untouchables?cby B.R. Ambedkar aNew DelhibAmrit Bookc1948 aviii, 158p aDalits.